000 02215nam0a2200373 4500
001 RU\NLR\BIBL_A\012907044
005 20221207114523.0
010 _a978-5-907467-73-6
_94000
021 _aRU
_bКН-П-22-055697
_9КН-П-22-4831
035 _a(NLR Aleph) 012907044
035 _a(RuMoRGB)011184174
090 _a12601508
_c12601508
100 _a20221012d2022 c y0rusy50 ca
101 0 _arus
102 _aRU
105 _aa z 000ay
181 0 _ai
_baxxe
181 0 _ab2
_bab2e
182 0 _an
200 1 _aДобрые сказки
_e[для старшего дошкольного возраста
_eдля чтения взрослыми детям
_fхудожник: Лопина Полина]
203 _aТекст
_aИзображение
_bвизуальные
_cнепосредственные
210 _a[Екатеринбург]
_cУральский издательский дом
_d2022
215 _a92, [3] с.
_cцв. ил.
_d22
225 1 _aЛюбимые сказки
327 _aСодерж.: Гуси-лебеди; Крошечка-Хаврошечка; Золотая рыбка; Кот и лиса; Царевна Несмеяна; Сопливый козёл; Зимовье зверей
330 _aВ этот сборник вошли русские сказки в народной обработке. Знакомые с детства сюжеты о волшебной Золотой рыбке, Крошечке-Хаврошечке, о коварных Гусях-лебедях и заколдованном женихе-козле, а также о взаимоподдержке и стойкости, смекалке и нерушимой вере в лучшее. Весёлые и смешные или же наполненные лёгкой грустью и глубокой мудростью: каких только историй не хранит память русского народа!
333 _a0+
686 0 _aШ9(2)3=Р-2
702 1 _aЛопина
_bП.
_gПолина
_4440
942 _cBOOK
980 _aNB